Countries by Furniture Exports - Statistics

General Stats
  • This quiz has been taken 57 times
  • The average score is 7 of 10
Answer Stats
Money (in million dollars) Answer % Correct
$7,254 United States
98%
$63,775 China
96%
$13,114 Germany
89%
$4,642 Canada
87%
$7,943 Mexico
87%
$11,230 Italy
83%
$13,166 Poland
68%
$3,353 Turkey
55%
$8,930 Vietnam
43%
$4,348 Czechia
23%
No matching quizzes found
Score Distribution
Percent of People with Each Score
Percentile by Number Answered
Your Score History
You have not taken this quiz